[Event "3rd UMD Mini-Swiss"]
[Site "Dearborn, Mich."]
[Date "1981.03.29"]
[Round "3"]
[White "Moody, David"]
[Black "Fricko, Frank"]
[Result "0-1"]
[WhiteElo "1918"]
[BlackElo "1954"]
[PlyCount "62"]
[EventDate "1981.03.29"]

1. e4 e6 2. d4 d5 3. Be3 dxe4 4. f3 exf3 5. Nxf3 Nf6 6. Bd3 b6 7. O-O Bb7 8.
Ne5 Bd6 9. c3 a6 10. Bg5 Nbd7 11. Qe2 Be7 12. Nd2 Nxe5 13. Qxe5 Qd6 14. Qe2 Qd8
15. Qf2 Qd7 16. Nc4 O-O-O 17. Ne5 Qe8 18. Qe2 h6 19. Bxf6 gxf6 20. Ng4 f5 21.
Ne5 a5 22. Ba6 Bd6 23. Qf3 c6 24. Nxc6 Bxa6 25. Nxd8 Bxf1 26. Nxf7 Qxf7 27.
Qa8+ Bb8 28. Qc6+ Kd8 29. Rxf1 Qc7 30. Qxe6 Qxh2+ 31. Kf2 Qh4+ 0-1

[Event "3rd UMD Mini-Swiss"]
[Site "Dearborn, Mich."]
[Date "1981.03.29"]
[Round "1"]
[White "Finegold, Mark"]
[Black "Moody, David"]
[Result "1/2-1/2"]
[WhiteElo "1954"]
[BlackElo "1918"]
[PlyCount "73"]
[EventDate "1981.03.29"]

1. Nf3 d5 2. g3 c6 3. Bg2 Nf6 4. O-O Bf5 5. d3 h6 6. Nbd2 Nbd7 7. b3 e6 8. Bb2
Be7 9. Re1 O-O 10. e4 dxe4 11. Nxe4 Qc7 12. Qe2 a5 13. Nxf6+ Bxf6 14. Bxf6 Nxf6
15. a3 Ra7 16. Qe3 b5 17. Nd4 Nd5 18. Bxd5 cxd5 19. Nxb5 Qd7 20. Nxa7 d4 21.
Qe5 Qxa7 22. Reb1 Rc8 23. Rb2 f6 24. Qe2 Rc5 25. Rab1 Qa8 26. f4 e5 27. b4 axb4
28. axb4 Rb5 29. g4 Be6 30. f5 Bd5 31. Qf1 Qa3 32. Qc1 Qc3 33. h3 Kh7 34. Qe1
Qa3 35. Qc1 Qc3 36. Qe1 Qa3 37. Qc1 1/2-1/2

[Event "Michigan Amateur"]
[Site "Kalamazoo, Mich."]
[Date "1981.05.02"]
[Round "1"]
[White "Moody, David"]
[Black "Martin, Lawrence"]
[Result "1-0"]
[WhiteElo "1861"]
[BlackElo "1516"]
[PlyCount "87"]
[EventDate "1981.05.02"]

1. e4 e6 2. d4 d5 3. Be3 Nc6 4. e5 Bd7 5. Nf3 Be7 6. Qd2 h6 7. a3 Qc8 8. Bd3
Nd8 9. b4 a6 10. Nc3 b5 11. h4 Bf8 12. O-O-O Ne7 13. g4 Qb7 14. Rdg1 a5 15. Kb2
axb4 16. axb4 Qa6 17. Ra1 Qb7 18. Rxa8 Qxa8 19. Ra1 Qb8 20. Ne2 Nc8 21. c3 Nb6
22. Kc2 Nb7 23. g5 Nc4 24. Qc1 Be7 25. g6 Nxe3+ 26. Qxe3 O-O 27. gxf7+ Rxf7 28.
Bg6 Rf8 29. Qd3 Be8 30. Rg1 Qd8 31. Qe3 Bxg6+ 32. Rxg6 Qe8 33. Qxh6 Qf7 34. Nf4
Nd8 35. Nh5 Qf5+ 36. Kb2 Kf7 37. Qxg7+ Ke8 38. Nf6+ Bxf6 39. Rxf6 Rxf6 40. exf6
Nc6 41. Qg8+ Kd7 42. f7 Qxf3 43. Qe8+ Kd6 44. f8=Q+ 1-0

[Event "Michigan Amateur"]
[Site "Kalamazoo, Mich."]
[Date "1981.05.02"]
[Round "3"]
[White "Moody, David"]
[Black "Giminez, Randy"]
[Result "1-0"]
[WhiteElo "1861"]
[BlackElo "1512"]
[PlyCount "75"]
[EventDate "1981.05.02"]

1. e4 e5 2. Nf3 f5 3. Bc4 d6 4. d4 Nc6 5. Ng5 Nh6 6. Nxh7 Rxh7 7. Qh5+ Kd7 8.
Bxh6 Nxd4 9. c3 Rxh6 10. Qf7+ Qe7 11. cxd4 Qxf7 12. Bxf7 exd4 13. exf5 Ke7 14.
Bg6 Kf6 15. g4 Bd7 16. Nd2 d5 17. Nf3 Bb4+ 18. Kf1 Rxg6 19. fxg6 Bxg4 20. Nxd4
Bh3+ 21. Ke2 Re8+ 22. Kd3 c5 23. a3 c4+ 24. Kc2 Bc5 25. Rad1 Bg2 26. Rhg1 Be4+
27. Kc3 Bxg6 28. Rde1 Bxd4+ 29. Kxd4 Rh8 30. Kxd5 Bf7+ 31. Ke4 Rxh2 32. Kf3 Rh5
33. Rg4 Rb5 34. Rf4+ Kg6 35. Rg1+ Kh6 36. Rxf7 Rxb2 37. Rfxg7 c3 38. R7g2 1-0

[Event "Michigan Amateur"]
[Site "Kalamazoo, Mich."]
[Date "1981.05.02"]
[Round "2"]
[White "Chen, Franklin"]
[Black "Moody, David"]
[Result "0-1"]
[WhiteElo "1659"]
[BlackElo "1861"]
[PlyCount "106"]
[EventDate "1981.05.02"]

1. e4 e5 2. Nf3 Nc6 3. Bb5 a6 4. Ba4 Nf6 5. O-O Be7 6. Re1 b5 7. Bb3 O-O 8. c3
d5 9. exd5 Nxd5 10. Nxe5 Nxe5 11. Rxe5 c6 12. d4 Bd6 13. Re1 Qh4 14. g3 Qh3 15.
Qd3 Bg4 16. Qf1 Qh5 17. Nd2 Rae8 18. Ne4 Bh3 19. Qe2 Qxe2 20. Rxe2 f5 21. Nxd6
Rxe2 22. Bf4 Kh8 23. Be5 Nf6 24. Nf7+ Rxf7 25. Bxf7 Ne4 26. d5 Rxf2 27. Bd4
Rg2+ 28. Kh1 cxd5 29. Bxd5 Rxb2 30. Re1 Bg2+ 31. Kg1 Bf3 32. Rf1 Rg2+ 33. Kh1
Rxg3+ 34. Rxf3 Rxf3 35. Kg2 Rd3 36. Bxe4 fxe4 37. a3 Kg8 38. Kf2 Kf7 39. Kg2
Rxd4 40. cxd4 Ke6 41. Kf2 Kd5 42. Ke3 a5 43. h4 b4 44. a4 b3 45. Kd2 Kxd4 46.
h5 e3+ 47. Kd1 Kd3 48. Ke1 b2 49. Kf1 b1=Q+ 50. Kg2 Ke4 51. Kg3 Qg1+ 52. Kh4
Kf4 53. h6 Qg4# 0-1

[Event "Michigan Amateur"]
[Site "Kalamazoo, Mich."]
[Date "1981.05.03"]
[Round "5"]
[White "Moody, David"]
[Black "Dangremond, Leonard"]
[Result "1-0"]
[WhiteElo "1861"]
[BlackElo "1783"]
[PlyCount "48"]
[EventDate "1981.05.02"]

1. e4 e5 2. Nf3 Nc6 3. d4 exd4 4. Bc4 Bc5 5. O-O d6 6. c3 dxc3 7. Qb3 Qe7 8.
Nxc3 f6 9. Bxg8 Bd7 10. Bd5 Na5 11. Qc2 c6 12. Bb3 O-O-O 13. Bd2 g5 14. Nd5
cxd5 15. Bxa5 Rdf8 16. Bxd5 Kb8 17. b4 Bb6 18. Rfc1 Rc8 19. Qb2 h5 20. Rxc8+
Bxc8 21. Bxb6 axb6 22. Rc1 h4 23. Nd4 Qe5 24. Qc3 f5 1-0

[Event "Michigan Amateur"]
[Site "Kalamazoo, Mich."]
[Date "1981.05.03"]
[Round "4"]
[White "Hudson, Jeff"]
[Black "Moody, David"]
[Result "1-0"]
[WhiteElo "1785"]
[BlackElo "1861"]
[PlyCount "61"]
[EventDate "1981.05.02"]

1. d4 Nf6 2. c4 c5 3. d5 e6 4. Nc3 exd5 5. cxd5 d6 6. e4 g6 7. Bg5 Bg7 8. Qd2
h6 9. Be3 a6 10. a4 Qa5 11. Ra2 Nbd7 12. f3 Ne5 13. Nb1 Qc7 14. Na3 g5 15. Nc4
Nxc4 16. Bxc4 Rb8 17. a5 Qe7 18. Bd3 O-O 19. Ne2 Re8 20. Nc3 Nd7 21. h4 gxh4
22. Bxh6 Ne5 23. Bxg7 Kxg7 24. Be2 Rh8 25. Qe3 b5 26. axb6 Rxb6 27. f4 Ng4 28.
Bxg4 Bxg4 29. O-O Qb7 30. f5 Qe7 31. f6+ 1-0

[Event "Jackson Mini-Swiss"]
[Site "Jackson, Mich."]
[Date "1981.05.23"]
[Round "3"]
[White "Weber, Chris"]
[Black "Moody, David"]
[Result "0-1"]
[WhiteElo "1977"]
[BlackElo "1861"]
[PlyCount "48"]
[EventDate "1981.05.23"]

1. c4 Nf6 2. Nc3 g6 3. g3 Bg7 4. Bg2 O-O 5. d4 c5 6. d5 e6 7. Nf3 exd5 8. Nxd5
Nxd5 9. Qxd5 d6 10. O-O Nc6 11. Bf4 Be6 12. Qxd6 Bxc4 13. Qxc5 Bxe2 14. Rfe1
Re8 15. Ng5 Bd4 16. Qd5 Bxf2+ 17. Kh1 Qxd5 18. Bxd5 Bxe1 19. Rxe1 h6 20. Bxf7+
Kg7 21. Bxe8 Rxe8 22. Rxe2 Rxe2 23. Nf3 Rxb2 24. Ne5 Rxa2 0-1

[Event "Jackson Mini-Swiss"]
[Site "Jackson, Mich."]
[Date "1981.05.23"]
[Round "2"]
[White "Moody, David"]
[Black "Stockham, James"]
[Result "1-0"]
[WhiteElo "1861"]
[BlackElo "1695"]
[PlyCount "73"]
[EventDate "1981.05.23"]

1. e4 c5 2. Nf3 Nc6 3. d4 cxd4 4. Nxd4 e5 5. Nb5 a6 6. Nd6+ Bxd6 7. Qxd6 Qf6 8.
Qxf6 Nxf6 9. f3 Nd4 10. Na3 b5 11. c3 Ne6 12. Nc2 d5 13. exd5 Nxd5 14. a4 bxa4
15. Rxa4 O-O 16. Nb4 Ndc7 17. Nc6 f6 18. Ne7+ Kh8 19. Nxc8 Rfxc8 20. Be2 Nc5
21. Ra2 Rd8 22. O-O a5 23. Be3 Nb3 24. Bb6 Rd7 25. Bc4 Nd2 26. Be2 Nxf1 27.
Kxf1 a4 28. c4 Ne6 29. b4 Nd4 30. c5 Nxe2 31. Kxe2 Rd4 32. Ba5 Rxa5 33. bxa5
Rc4 34. a6 Rxc5 35. Rxa4 Rc8 36. a7 Ra8 37. Rb4 1-0

[Event "Jackson Mini-Swiss"]
[Site "Jackson, Mich."]
[Date "1981.05.23"]
[Round "1"]
[White "Moody, David"]
[Black "Schweikert, Gary"]
[Result "1/2-1/2"]
[WhiteElo "1861"]
[BlackElo "1612"]
[PlyCount "70"]
[EventDate "1981.05.23"]

1. e4 Nf6 2. e5 Nd5 3. d4 d6 4. Bc4 dxe5 5. dxe5 c6 6. Nc3 Bf5 7. Nxd5 cxd5 8.
Bxd5 Nc6 9. Nf3 Rc8 10. c3 Qb6 11. Qe2 e6 12. Bb3 Be7 13. Be3 Qc7 14. O-O O-O
15. Bd4 Bg4 16. Rad1 Na5 17. Bc2 b6 18. Bd3 Nc6 19. Qc2 h6 20. Be4 Bxf3 21.
Bxf3 Nxe5 22. Bxe5 Qxe5 23. Rfe1 Qc7 24. Be4 Rfd8 25. Bd3 Rd7 26. Qe2 Rcd8 27.
Qe4 g6 28. Qe2 Bc5 29. Bc2 Qf4 30. Rxd7 Rxd7 31. Rd1 Rxd1+ 32. Bxd1 Qc1 33. Kf1
Qf4 34. Kg1 Qc1 35. Kf1 Qf4 1/2-1/2

[Event "11th UMD Tornado"]
[Site "Dearborn, Mich."]
[Date "1981.05.30"]
[Round "3"]
[White "Stockman, David"]
[Black "Moody, David"]
[Result "0-1"]
[WhiteElo "1465"]
[BlackElo "1861"]
[PlyCount "96"]
[EventDate "1981.05.30"]

1. d4 Nf6 2. Bg5 Ne4 3. Bf4 e6 4. f3 Nf6 5. e4 d5 6. c4 dxe4 7. Nc3 Bb4 8. Qa4+
Nc6 9. O-O-O Bxc3 10. bxc3 O-O 11. Be2 Qe7 12. Be5 Bd7 13. Qc2 exf3 14. Nxf3
Qa3+ 15. Kb1 Ne7 16. Bxf6 gxf6 17. Qb3 Qxb3+ 18. axb3 Bc6 19. Rdf1 Ng6 20. Rhg1
Rfe8 21. Ne1 Kg7 22. Rf2 e5 23. d5 Bd7 24. Rgf1 f5 25. Bg4 Nf4 26. Bd1 Re7 27.
g3 Nh3 28. Rf3 f4 29. gxf4 Nxf4 30. Rg3+ Kh8 31. Rfg1 Bf5+ 32. Kc1 Ree8 33. h4
Rg8 34. Rg5 f6 35. Rxg8+ Rxg8 36. Rxg8+ Kxg8 37. Kd2 Kf7 38. h5 Kg7 39. Nc2
Bxc2 40. Bxc2 Nxh5 41. Bf5 Ng3 42. Bc8 b6 43. b4 f5 44. c5 Kf8 45. d6 cxd6 46.
cxd6 Ke8 47. d7+ Kd8 48. Kd3 h5 0-1

[Event "11th UMD Tornado"]
[Site "Dearborn, Mich."]
[Date "1981.05.30"]
[Round "1"]
[White "Owen, Allen"]
[Black "Moody, David"]
[Result "0-1"]
[WhiteElo "1481"]
[BlackElo "1861"]
[PlyCount "72"]
[EventDate "1981.05.30"]

1. e4 e5 2. Nf3 Nc6 3. Nc3 Nf6 4. Bb5 Nd4 5. Ba4 Bc5 6. d3 Qe7 7. Bg5 Bb4 8.
Qd2 h6 9. Bh4 Nxf3+ 10. gxf3 Nxe4 11. Bxe7 Bxc3 12. fxe4 Bxd2+ 13. Kxd2 Kxe7
14. Raf1 d6 15. f4 exf4 16. Rxf4 Be6 17. c4 g5 18. Rf2 Rag8 19. Bd1 h5 20. Rhf1
g4 21. d4 Rg7 22. d5 Bd7 23. Re1 h4 24. e5 dxe5 25. Rxe5+ Kd6 26. Re3 g3 27.
hxg3 hxg3 28. Rf6+ Kc5 29. b4+ Kxb4 30. Rb3+ Kc5 31. Kc3 g2 32. Ra3 Rh3+ 33.
Bf3 Rxf3+ 34. Rxf3 g1=Q 35. Ra5+ Kb6 36. Rf6+ Kxa5 0-1

[Event "11th UMD Tornado"]
[Site "Dearborn, Mich."]
[Date "1981.05.30"]
[Round "4"]
[White "Moody, David"]
[Black "Wygrecki, John"]
[Result "1/2-1/2"]
[WhiteElo "1861"]
[BlackElo "1706"]
[PlyCount "107"]
[EventDate "1981.05.30"]

1. Nc3 d5 2. e4 d4 3. Nce2 e5 4. Ng3 c5 5. Nf3 Nc6 6. Bb5 Bd6 7. O-O Nf6 8. d3
h6 9. Nh4 g6 10. Qe2 Bg4 11. f3 Bd7 12. Bxc6 bxc6 13. f4 Ng4 14. Nf3 exf4 15.
e5 fxg3 16. exd6+ Be6 17. hxg3 Qxd6 18. Bf4 Qd5 19. Ne5 Nxe5 20. Qxe5 Qxe5 21.
Bxe5 Rh7 22. Bd6 c4 23. dxc4 Bxc4 24. Rfe1+ Kd7 25. Bc5 f5 26. Bxd4 Re8 27.
Bxa7 Rhe7 28. Rad1+ Kc7 29. Rxe7+ Rxe7 30. b3 Ba6 31. Rd2 Re5 32. Bd4 Rd5 33.
c4 Rd7 34. Be5+ Kc8 35. Rxd7 Kxd7 36. Bg7 h5 37. Kf2 Kd6 38. Ke3 g5 39. Bh6 Kc5
40. Bxg5 Kb4 41. Kd4 Ka3 42. Kc5 Kxa2 43. b4 Kb3 44. b5 cxb5 45. cxb5 Bb7 46.
Kd6 Kc4 47. Kc7 Bxg2 48. b6 Kd4 49. b7 Bxb7 50. Kxb7 Ke4 51. Kc6 f4 52. Bxf4 h4
53. Bb8 hxg3 54. Bxg3 1/2-1/2

[Event "11th UMD Tornado"]
[Site "Dearborn, Mich."]
[Date "1981.05.30"]
[Round "2"]
[White "Moody, David"]
[Black "Steury, Mark"]
[Result "0-1"]
[WhiteElo "1861"]
[BlackElo "1740"]
[PlyCount "50"]
[EventDate "1981.05.30"]

1. e4 e6 2. d4 d5 3. Be3 dxe4 4. f3 Nf6 5. fxe4 Nxe4 6. Bd3 Nf6 7. Nf3 Be7 8.
O-O Nbd7 9. Nbd2 b6 10. Nc4 Bb7 11. Nce5 O-O 12. Ng5 h6 13. Nxd7 Qxd7 14. Nf3
Ng4 15. Ne5 Nxe5 16. dxe5 Qd5 17. Qg4 Bc5 18. Bxc5 Qxc5+ 19. Kh1 Qxe5 20. Rae1
Qg5 21. Qh3 Rae8 22. Re3 e5 23. Rg3 Bc8 24. Bf5 Bxf5 25. Rxf5 Qc1+ 0-1

[Event "5th UMD Mini-Swiss"]
[Site "Dearborn, Mich."]
[Date "1981.05.31"]
[Round "3"]
[White "Ryan, Russ"]
[Black "Moody, David"]
[Result "1-0"]
[WhiteElo "1902"]
[BlackElo "1861"]
[PlyCount "77"]
[EventDate "1981.05.31"]

1. c4 Nf6 2. Nc3 g6 3. Nf3 Bg7 4. g3 O-O 5. Bg2 d6 6. d4 c5 7. O-O Nc6 8. e3
Bd7 9. b3 Rb8 10. Bb2 a6 11. dxc5 dxc5 12. Qe2 Nb4 13. Rfd1 Qc7 14. a3 Nc6 15.
Rac1 Rfd8 16. Nd5 Nxd5 17. cxd5 Na7 18. Bxg7 Kxg7 19. Qc4 b6 20. a4 a5 21. Qc3+
Kg8 22. Rd4 Qd6 23. Rh4 Bf5 24. e4 Bd7 25. Ng5 Qf6 26. Qe3 Qd4 27. Qxd4 cxd4
28. e5 Rbc8 29. Rxc8 Rxc8 30. Rxd4 Rc1+ 31. Bf1 h6 32. e6 fxe6 33. Nxe6 Nc6 34.
Rd2 Ne5 35. Kg2 Rb1 36. Nd4 Kf7 37. Be2 Rc1 38. h3 Rc5 39. f4 1-0

[Event "5th UMD Mini-Swiss"]
[Site "Dearborn, Mich."]
[Date "1981.05.31"]
[Round "1"]
[White "Moody, David"]
[Black "Diakonov, Daniel"]
[Result "1/2-1/2"]
[WhiteElo "1861"]
[BlackElo "1723"]
[PlyCount "50"]
[EventDate "1981.05.31"]

1. e4 d6 2. d4 Nf6 3. Nc3 g6 4. Bg5 Bg7 5. f4 h6 6. Bh4 c6 7. e5 dxe5 8. fxe5
Nd5 9. Qf3 O-O 10. Bc4 Nxc3 11. bxc3 Nd7 12. e6 fxe6 13. Bxe6+ Kh7 14. Qe3 Nf6
15. Nf3 Qd6 16. Bxc8 Raxc8 17. O-O Rce8 18. Ne5 Nd7 19. Nxd7 Qxd7 20. Rae1
Rxf1+ 21. Rxf1 e5 22. Bf6 exd4 23. Qxd4 Qxd4+ 24. Bxd4 Bxd4+ 25. cxd4 Kg7
1/2-1/2

[Event "5th UMD Mini-Swiss"]
[Site "Dearborn, Mich."]
[Date "1981.05.31"]
[Round "2"]
[White "Gaba, Howard"]
[Black "Moody, David"]
[Result "0-1"]
[WhiteElo "1901"]
[BlackElo "1861"]
[PlyCount "72"]
[EventDate "1981.05.31"]

1. e4 e5 2. Nf3 Nc6 3. Bb5 a6 4. Ba4 Nf6 5. Qe2 b5 6. Bb3 Be7 7. c3 O-O 8. d3
Bb7 9. Bc2 d5 10. O-O d4 11. h3 dxc3 12. bxc3 b4 13. c4 Nd4 14. Qd1 Nxf3+ 15.
gxf3 Qd4 16. Nd2 Qxa1 17. Nb3 Qxa2 18. Kh2 Qa4 19. Rg1 Kh8 20. Nd4 Qd7 21. Nf5
Rg8 22. h4 Bc8 23. Be3 g6 24. Bh6 gxf5 25. Rxg8+ Nxg8 26. Bd2 f4 27. Qf1 a5 28.
c5 Bxc5 29. Bb3 a4 30. Bc4 b3 31. Bd5 c6 32. Bxf4 Qh3+ 33. Qxh3 Bxh3 34. Bxe5+
f6 35. Bc3 cxd5 36. exd5 Bf5 0-1

[Event "12th UMD Tornado"]
[Site "Dearborn, Mich."]
[Date "1981.06.27"]
[Round "4"]
[White "Moody, David"]
[Black "Finegold, Mark"]
[Result "0-1"]
[WhiteElo "1871"]
[BlackElo "1958"]
[PlyCount "62"]
[EventDate "1981.06.27"]

1. f4 d5 2. Nf3 Nf6 3. e3 g6 4. d4 Bg7 5. Bd3 O-O 6. O-O b6 7. Qe1 Ba6 8. Qh4
Bxd3 9. cxd3 c5 10. dxc5 bxc5 11. Ng5 h6 12. Nf3 e6 13. Nc3 Nc6 14. e4 d4 15.
Ne2 Nd7 16. Qh3 f5 17. Bd2 Nf6 18. e5 Ng4 19. Rac1 Qd5 20. Nh4 Ne7 21. Qg3 g5
22. fxg5 Bxe5 23. Bf4 hxg5 24. Bxe5 gxh4 25. Qxh4 Qxe5 26. Nf4 Qf6 27. Qxf6
Rxf6 28. Rxc5 Ng6 29. Ne2 e5 30. h3 Ne3 31. Rf3 Raf8 0-1

[Event "12th UMD Tornado"]
[Site "Dearborn, Mich."]
[Date "1981.06.27"]
[Round "2"]
[White "Moody, David"]
[Black "Decker, Dale"]
[Result "1/2-1/2"]
[WhiteElo "1871"]
[BlackElo "1725"]
[PlyCount "58"]
[EventDate "1981.06.27"]

1. e4 d6 2. d4 Nf6 3. Nc3 g6 4. Bg5 Bg7 5. Qd2 O-O 6. O-O-O c6 7. Nf3 b5 8. e5
Ne8 9. Bh6 Bb7 10. h4 dxe5 11. Nxe5 Nd7 12. Nxd7 Qxd7 13. h5 Nf6 14. hxg6 fxg6
15. Bxg7 Kxg7 16. Qh6+ Kh8 17. Ne4 e6 18. Bd3 Qg7 19. Ng5 Qxh6 20. Rxh6 Rae8
21. Bxg6 Kg7 22. Bxe8 Kxh6 23. Nf7+ Kg7 24. Nd6 Ba8 25. Bf7 Rd8 26. Nxb5 Kxf7
27. Na3 c5 28. dxc5 Rxd1+ 29. Kxd1 Bxg2 1/2-1/2

[Event "12th UMD Tornado"]
[Site "Dearborn, Mich."]
[Date "1981.06.27"]
[Round "1"]
[White "Meade, Charles"]
[Black "Moody, David"]
[Result "0-1"]
[WhiteElo "1343"]
[BlackElo "1871"]
[PlyCount "54"]
[EventDate "1981.06.27"]

1. Nf3 d5 2. d4 Bg4 3. Nc3 Bxf3 4. exf3 e6 5. f4 c5 6. Be3 Nc6 7. Bb5 c4 8.
Bxc6+ bxc6 9. Qf3 Nf6 10. f5 Bd6 11. fxe6 fxe6 12. O-O O-O 13. Bg5 Qc7 14. g3
Ne4 15. Qe3 Nxg5 16. Qxg5 Rf5 17. Qg4 Raf8 18. Rae1 Qf7 19. Re2 e5 20. dxe5
Bxe5 21. Nd1 Bd6 22. c3 Bc5 23. Kg2 Rf6 24. f3 h5 25. Qg5 Rxf3 26. Ne3 Rxf1 27.
Nxf1 Qxf1# 0-1

[Event "12th UMD Tornado"]
[Site "Dearborn, Mich."]
[Date "1981.06.27"]
[Round "3"]
[White "DeJongh, John"]
[Black "Moody, David"]
[Result "0-1"]
[WhiteElo "1677"]
[BlackElo "1871"]
[PlyCount "78"]
[EventDate "1981.06.27"]

1. c4 Nf6 2. Nc3 g6 3. d4 c5 4. Nf3 Bg7 5. e4 d6 6. Be2 O-O 7. O-O cxd4 8. Nxd4
Bd7 9. Be3 Nc6 10. Qd2 Rc8 11. Rfd1 Ne5 12. b3 Nc6 13. Rab1 Ng4 14. Bxg4 Bxg4
15. f3 Bd7 16. f4 Qa5 17. Nd5 Qxd2 18. Rxd2 Rfe8 19. Rf1 Nxd4 20. Bxd4 b5 21.
Bxg7 Kxg7 22. Ne3 bxc4 23. Nxc4 Bb5 24. Rc1 Rc5 25. Rd5 Rec8 26. Rxc5 Rxc5 27.
a4 Ba6 28. Kf2 f5 29. Ke3 fxe4 30. Kd4 e6 31. Kxe4 d5+ 32. Kd4 Rc7 33. Ke5 dxc4
34. Kxe6 c3 35. Ke5 c2 36. Kd4 Bc8 37. h3 Bf5 38. g4 Rd7+ 39. Kc3 Rd1 0-1

[Event "6th UMD Mini-Swiss"]
[Site "Dearborn, Mich."]
[Date "1981.06.28"]
[Round "3"]
[White "Moody, David"]
[Black "Jackson, James"]
[Result "1-0"]
[WhiteElo "1871"]
[BlackElo "1871"]
[PlyCount "107"]
[EventDate "1981.06.28"]

1. f4 d5 2. Nf3 Nf6 3. e3 e6 4. b3 g6 5. Bb2 Bg7 6. Bd3 O-O 7. O-O c5 8. Qe1
Nc6 9. Qh4 Nb4 10. Ng5 d4 11. exd4 Nxd3 12. cxd3 cxd4 13. f5 h6 14. Nxf7 Rxf7
15. fxg6 Rd7 16. Na3 Rd5 17. Rac1 Nh5 18. Qxd8+ Rxd8 19. Rf7 Bd7 20. Rc7 Bc6
21. g4 Be5 22. gxh5 Bxc7 23. Rxc7 Rd7 24. Rxd7 Bxd7 25. Bxd4 Bc6 26. Nc4 Rd8
27. Be3 Kg7 28. Ne5 Rd5 29. d4 Be8 30. Kg2 Ra5 31. Kg3 Rxa2 32. Ng4 Bxg6 33.
Bxh6+ Kh7 34. hxg6+ Kxg6 35. Be3 Rb2 36. Ne5+ Kh5 37. Nd3 Rxb3 38. Nf4+ Kg5 39.
Nxe6+ Kf6 40. Nc5 Rb1 41. d5 b6 42. Ne4+ Ke5 43. Nc3 Rb3 44. Kg4 Rb4+ 45. d4+
Kd6 46. Kf5 Kd7 47. Ne4 a5 48. Nf6+ Kd8 49. d6 a4 50. Nd5 Rb5 51. Ke6 Rxd5 52.
Kxd5 a3 53. Bc1 a2 54. Bb2 1-0

[Event "6th UMD Mini-Swiss"]
[Site "Dearborn, Mich."]
[Date "1981.06.28"]
[Round "1"]
[White "Finegold, Mark"]
[Black "Moody, David"]
[Result "1-0"]
[WhiteElo "1954"]
[BlackElo "1871"]
[PlyCount "47"]
[EventDate "1981.06.28"]

1. c4 e5 2. Nc3 Nf6 3. Nf3 Nc6 4. e3 Bb4 5. Nd5 Ba5 6. a3 e4 7. Nd4 Nxd5 8.
Nxc6 dxc6 9. cxd5 cxd5 10. b4 Bb6 11. Bb2 Qg5 12. f4 Qg6 13. Qb3 Be6 14. Qc3
O-O 15. d4 Bg4 16. Kf2 Qh5 17. h3 Rae8 18. Bb5 Bf3 19. Qc2 Bxg2 20. Kxg2 Qf3+
21. Kh2 Re6 22. Qe2 c6 23. Raf1 Rfe8 24. Bc1 1-0

[Event "Southeast Michigan Open"]
[Site "Romulus, Mich."]
[Date "1981.07.03"]
[Round "2"]
[White "Moody, David"]
[Black "Smith, Walter"]
[Result "1-0"]
[WhiteElo "1871"]
[BlackElo "1609"]
[PlyCount "109"]
[EventDate "1981.07.03"]

1. e4 c5 2. d4 cxd4 3. Nf3 g6 4. Qxd4 Nf6 5. e5 Nc6 6. Qe3 Ng4 7. Qc3 Bg7 8.
Bf4 Qb6 9. Be3 Nxe3 10. fxe3 d6 11. Na3 Nxe5 12. O-O-O O-O 13. Qd4 Nd3+ 14.
Qxd3 Qxb2+ 15. Kd2 Bf5 16. Qb3 Qf6 17. Bd3 Rac8 18. Nb5 Bxd3 19. cxd3 a6 20.
Nbd4 e5 21. Ne2 Qe7 22. Rc1 d5 23. Rxc8 Rxc8 24. Rc1 Rxc1 25. Nxc1 d4 26. e4
Bh6+ 27. Kd1 Qc7 28. Qc2 Qe7 29. Nb3 f5 30. Qc5 Qxc5 31. Nxc5 b6 32. Nd7 fxe4
33. dxe4 d3 34. Nfxe5 d2 35. Nxb6 Bf4 36. Nf3 g5 37. g3 Be3 38. Nc4 Bf2 39.
Nxg5 h5 40. Nf3 Kg7 41. Ncxd2 Kf6 42. Ke2 Ba7 43. Kd3 Ke6 44. Nb1 a5 45. a4 Kd6
46. Kc4 Bb6 47. Kb5 Bd8 48. Na3 Ke6 49. Nc4 Kf6 50. Nxa5 h4 51. Nc6 Bc7 52. a5
hxg3 53. hxg3 Bxg3 54. a6 Bf2 55. Nfd4 1-0

[Event "Southeast Michigan Open"]
[Site "Romulus, Mich."]
[Date "1981.07.03"]
[Round "1"]
[White "Hill, Chad"]
[Black "Moody, David"]
[Result "1-0"]
[WhiteElo "2152"]
[BlackElo "1871"]
[PlyCount "95"]
[EventDate "1981.07.03"]

1. e4 e5 2. Nf3 Nc6 3. Bb5 a6 4. Bxc6 dxc6 5. O-O Qd6 6. d4 exd4 7. Nxd4 Bd7 8.
Be3 O-O-O 9. Nd2 Qg6 10. f4 Bc5 11. f5 Qf6 12. N2f3 Qe7 13. Qd3 Nf6 14. Bg5 h6
15. Bh4 Bxd4+ 16. Qxd4 Bxf5 17. Qa7 Bxe4 18. Rad1 Bd5 19. Rfe1 Qb4 20. Qa8+ Kd7
21. Ne5+ Kd6 22. Nxf7+ Kd7 23. Ne5+ Kd6 24. Qa7 Qxh4 25. Qxb7 Qa4 26. Nf7+ Kd7
27. b3 Qb5 28. Qxb5 axb5 29. Nxh8 Rxh8 30. c4 bxc4 31. bxc4 Ra8 32. Re2 Kd6 33.
Rc2 Ne4 34. Re1 Ra4 35. cxd5 cxd5 36. g3 c5 37. Kg2 Ra3 38. Kh3 Rc3 39. Rce2
Ke5 40. Kg4 Kd4 41. a4 Ra3 42. Kf5 c4 43. Ke6 Kd3 44. Re3+ Kd2 45. Rxa3 Kxe1
46. Kxd5 Nd2 47. a5 Nb1 48. Ra1 1-0

[Event "Southeast Michigan Open"]
[Site "Romulus, Mich."]
[Date "1981.07.04"]
[Round "3"]
[White "Moody, David"]
[Black "Noren, Kevin"]
[Result "0-1"]
[WhiteElo "1871"]
[BlackElo "2014"]
[PlyCount "44"]
[EventDate "1981.07.03"]

1. e4 e5 2. Nf3 Nc6 3. d4 exd4 4. Bc4 Be7 5. c3 Na5 6. Bd3 dxc3 7. Nxc3 d6 8.
O-O Nf6 9. Qa4+ Nc6 10. e5 dxe5 11. Nxe5 O-O 12. Rd1 Nxe5 13. Bxh7+ Kxh7 14.
Rxd8 Rxd8 15. Qh4+ Kg8 16. Bg5 Ng6 17. Qc4 Be6 18. Qxc7 Rd7 19. Qa5 Rad8 20.
Qxa7 b5 21. Qe3 b4 22. Bxf6 Bxf6 0-1

[Event "Southeast Michigan Open"]
[Site "Romulus, Mich."]
[Date "1981.07.04"]
[Round "4"]
[White "Chen, Franklin"]
[Black "Moody, David"]
[Result "1-0"]
[WhiteElo "1741"]
[BlackElo "1871"]
[PlyCount "47"]
[EventDate "1981.07.03"]

1. e4 e5 2. Nf3 Nc6 3. Bc4 Nf6 4. Ng5 d5 5. exd5 Na5 6. Bb5+ c6 7. dxc6 bxc6 8.
Be2 h6 9. Nf3 e4 10. Ne5 Bd6 11. f4 Qe7 12. O-O Bxe5 13. fxe5 Qxe5 14. Nc3 O-O
15. d4 exd3 16. Qxd3 Ng4 17. Rf4 f5 18. Bxg4 fxg4 19. Rxf8+ Kxf8 20. Qd8+ Kf7
21. Bd2 Qc5+ 22. Kh1 Qf2 23. Ne4 Bf5 24. Qc7+ 1-0

[Event "Southeast Michigan Open"]
[Site "Romulus, Mich."]
[Date "1981.07.05"]
[Round "5"]
[White "Moody, David"]
[Black "George, Richard"]
[Result "1-0"]
[WhiteElo "1871"]
[BlackElo "1804"]
[PlyCount "73"]
[EventDate "1981.07.03"]

1. e4 e5 2. f4 d5 3. exd5 e4 4. d3 Qxd5 5. Nc3 Bb4 6. Bd2 Bxc3 7. Bxc3 exd3 8.
Bxg7 Qe4+ 9. Ne2 dxe2 10. Qxe2 Bf5 11. Bxh8 Nd7 12. Bc3 Qxe2+ 13. Bxe2 Bxc2 14.
O-O O-O-O 15. Rac1 Be4 16. Rfd1 f5 17. Bd3 Re8 18. Bc4 Ngf6 19. Rd2 c6 20. Rcd1
Nd5 21. Kf2 N7b6 22. Bb3 Nxf4 23. Bf7 Re7 24. Bf6 Bd5 25. Bxd5 Rd7 26. Bb3 Nfd5
27. Bh4 Rg7 28. Re1 Rg4 29. Re8+ Kd7 30. Re7+ Kd6 31. Rxh7 Nc4 32. Bxc4 Rxc4
33. g3 f4 34. Rxb7 fxg3+ 35. Bxg3+ Kc5 36. b4+ Rxb4 37. Bd6+ 1-0

[Event "Southeast Michigan Open"]
[Site "Romulus, Mich."]
[Date "1981.07.05"]
[Round "6"]
[White "Lynch, David"]
[Black "Moody, David"]
[Result "1/2-1/2"]
[WhiteElo "1538"]
[BlackElo "1871"]
[PlyCount "37"]
[EventDate "1981.07.03"]

1. e4 e5 2. Nf3 Nc6 3. Bc4 Nf6 4. d4 exd4 5. O-O Bc5 6. e5 d5 7. exf6 dxc4 8.
Re1+ Be6 9. Ng5 Qd5 10. Nxe6 fxe6 11. Nc3 Qf5 12. Ne4 O-O-O 13. g4 Qd5 14. fxg7
Rhg8 15. Nf6 Qd6 16. Nxg8 Rxg8 17. Bh6 d3 18. cxd3 cxd3 19. Qf3 1/2-1/2